000 00347 a2200157 4500
001 156129
040 _cEscola São Tomás de Aquino
100 _aCERVANTES, Miguel de
240 1 0 _aDom Quixote
_lpor
245 1 0 _aDom Quixote
300 _a47
362 0 _a2011
440 1 _aScipione
697 _a*LITERATURA INFANTO JUVENIL
942 _cBK
999 _c156129
_d156129